Contemplando en todo a Dios (Record no. 121707)

MARC details
000 -LEADER
campo de control de longitud fija 00558nam a2200157 4500
001 - NÚMERO DE CONTROL
campo de control 121707
003 - IDENTIFICADOR DE NÚMERO DE CONTROL
campo de control ES-MaACL
005 - FECHA Y HORA DE LA ÚLTIMA TRANSACCIÓN
campo de control 20230906191815.0
007 - CAMPO FIJO DE DESCRIPCIÓN FÍSICA--INFORMACIÓN GENERAL
campo de control de longitud fija t|
008 - DATOS DE LONGITUD FIJA--INFORMACIÓN GENERAL
campo de control de longitud fija 070214s1944 sp r ||||1| spa d
100 1# - ENTRADA PRINCIPAL--NOMBRE DE PERSONA
Nombre de persona Plaza, Carlos Guillermo.
9 (RLIN) 92618
245 10 - MENCIÓN DEL TÍTULO
Título Contemplando en todo a Dios
Resto del título : estudio ascético-psicológico sobre el Memorial del Beato Pedro Fabro, S. J., primer compañero de San Ignacio de Loyola /
Mención de responsabilidad, etc. C. G. Plaza, S. J.
260 ## - PUBLICACIÓN, DISTRIBUCIÓN, ETC.
Lugar de publicación, distribución, etc. Madrid :
Nombre del editor, distribuidor, etc. Fax,
Fecha de publicación, distribución, etc. 1944.
300 ## - DESCRIPCIÓN FÍSICA
Extensión XVI, 351 p. ;
Dimensiones 26 cm.
852 ## - LOCALIZACIÓN
Ubicación ES-MaACL
Número de control de estantería B-10351
Sublocalización o colección R.21657
Holdings
Estatus retirado Estado de pérdida Estado de daño No para préstamo Biblioteca de origen Biblioteca actual Ubicación en estantería Fecha de adquisición Fuente de adquisición Total de préstamos Signatura topográfica completa Código de barras Visto por última vez Precio de reemplazo Tipo de ítem Koha
        Biblioteca del Ateneo de Madrid Biblioteca del Ateneo de Madrid Sala Pardo Bazán 17/01/2008     B-10351 1126832 23/02/2023 23/02/2023 Libro impreso